000 00729nam a2200205Ia 4500
003 GCL
008 140319s9999 xx 000 0 ara d
040 _aGCL /
_cGCL
082 0 4 _a910.1
_bك ا
100 1 _aكريستين نصار
245 1 0 _aالانسان والجغرافيا: اثر الجغرافيا وتأثرها بسيكولوجية الفرد /
_cكريستين نصار
260 _a[S.N] :
_bجروس برس ،
_c1991
300 _a207 ص
490 _aالاقارب والطفل فى المجتمع الشرقى المعاصر
_v0
650 0 4 _aالجغرافيا
650 0 4 _aالسكان
650 0 4 _aالبيئة والانسان
650 0 4 _aالجغرافيا البشرية
942 _2ddc
_cBK
999 _c34978
_d34978